Học từ vựng và thành ngữ tiếng Anh trình độ nâng cao = Advanced vocabulary and idioms /

Tallennettuna:
Bibliografiset tiedot
Päätekijä: Thomas, B. J
Aineistotyyppi: Kirja
Kieli:Vietnamese
Julkaistu: TP Hồ Chí Minh 1997
Tagit: Lisää tagi
Ei tageja, Lisää ensimmäinen tagi!
Thư viện lưu trữ: Mạng thư viện Đại học Đà Nẵng
LEADER 00717nam a2200265 4500
001 000028264
003 TH-B97G
005 20150403120000.0
008 150403s vm 000 vie
020 |c 0,0000 
040 |a notts 
100 |a Thomas, B. J 
245 |a Học từ vựng và thành ngữ tiếng Anh trình độ nâng cao = Advanced vocabulary and idioms /  |c B. J. Thomas ; Nguyễn Thành Yến dịch. 
260 |b TP Hồ Chí Minh  |c 1997 
OWN |a LTT 
999 |a From the UDN01 
TYP |a Monograph 
TYP |a Printed language 
980 |a Mạng thư viện Đại học Đà Nẵng